[Event "PRO League Eastern 2017"]
[Site "chess.com INT"]
[Date "2017.01.25"]
[Round "3"]
[White "Lenic, Luka"]
[Black "Anwesh, Upadhyaya"]
[Result "1-0"]
[WhiteTitle "GM"]
[BlackTitle "IM"]
[WhiteElo "2641"]
[BlackElo "2384"]
[WhiteTeam "Ljubljana Direwolves"]
[BlackTeam "Odisha Express"]
[WhiteFideId "14603853"]
[BlackFideId "5028949"]
[EventDate "2017.01.11"]

1. d4 d5 2. c4 c6 3. Nf3 Nf6 4. e3 g6 5. Nc3 Bg7 6. Be2 O-O 7. O-O dxc4 8. Bxc4
Bg4 9. Be2 Nbd7 10. Qc2 Qc7 11. h3 Bxf3 12. Bxf3 e5 13. Rd1 Rad8 14. a4 exd4 15.
exd4 Nb6 16. Bg5 Rd7 17. Qb3 Nbd5 18. Rac1 Qb6 19. Qxb6 axb6 20. Bxf6 Nxf6 21.
d5 Nxd5 22. Nxd5 cxd5 23. Rxd5 Rxd5 24. Bxd5 Rd8 25. Rd1 Kf8 26. b3 Rd7 27. f4
h5 28. Kf2 Bc3 29. Ke3 Re7+ 30. Kf3 Rd7 31. Rc1 Bb4 32. Rc8+ Ke7 33. Bc4 Bc5 34.
g4 hxg4+ 35. hxg4 Kf6 36. Rg8 Bd6 37. Bb5 Rc7 38. g5+ Ke7 39. Re8# 1-0

[Event "PRO League Eastern 2017"]
[Site "chess.com INT"]
[Date "2017.01.25"]
[Round "3"]
[White "Lenic, Luka"]
[Black "Swayams, Mishra"]
[Result "0-1"]
[WhiteTitle "GM"]
[BlackTitle "IM"]
[WhiteElo "2641"]
[BlackElo "2491"]
[WhiteTeam "Ljubljana Direwolves"]
[BlackTeam "Odisha Express"]
[WhiteFideId "14603853"]
[BlackFideId "5028183"]
[EventDate "2017.01.11"]

1. d4 Nf6 2. c4 e6 3. Nf3 b6 4. a3 Bb7 5. Nc3 d5 6. cxd5 Nxd5 7. Qc2 Be7 8. e4
Nxc3 9. bxc3 O-O 10. Bd3 c5 11. O-O Qc7 12. Qe2 Nc6 13. d5 exd5 14. exd5 Na5 15.
c4 b5 16. Qe4 g6 17. Bh6 Rfe8 18. Rfe1 bxc4 19. Bc2 Qd7 20. Rad1 Bf8 21. Qh4
Rxe1+ 22. Rxe1 Bxh6 23. Qxh6 Qxd5 24. Re7 Rf8 25. h4 Qh5 26. Qxh5 gxh5 27. Ng5
h6 28. Nh7 Rd8 29. Nf6+ Kf8 30. Re5 Nb3 31. Re3 Nd4 32. Ba4 c3 33. Kh2 c2 34.
Rc3 Rd6 35. Nd7+ Rxd7 36. Bxd7 Be4 37. Ba4 Ne2 38. Rxc2 Bxc2 39. Bxc2 c4 0-1

[Event "PRO League Eastern 2017"]
[Site "chess.com INT"]
[Date "2017.01.25"]
[Round "3"]
[White "Gorozhanin, Mikhail"]
[Black "Meskovs, Nikita"]
[Result "0-1"]
[WhiteTitle "FM"]
[BlackTitle "IM"]
[WhiteElo "2408"]
[BlackElo "2490"]
[WhiteTeam "Gorky Stormbringers"]
[BlackTeam "Riga Magicians"]
[WhiteFideId "4178262"]
[BlackFideId "11602740"]
[EventDate "2017.01.11"]

1. d4 Nf6 2. Bf4 e6 3. e3 b6 4. Nf3 Bb7 5. h3 Be7 6. Be2 O-O 7. O-O d5 8. c3
Nbd7 9. a4 a5 10. Na3 Ne4 11. Nb5 c6 12. Na3 g5 13. Bh2 f5 14. Ne1 Bd6 15. Bxd6
Nxd6 16. Nd3 Ba6 17. Nc2 Qf6 18. f4 Bxd3 19. Bxd3 gxf4 20. exf4 Ne4 21. Ne3 Kh8
22. Bxe4 dxe4 23. Nc4 Rg8 24. Kh2 Rg7 25. g3 Rag8 26. Rg1 Qh6 27. Qe2 Nf6 28.
Ne5 Ng4+ 29. Nxg4 Rxg4 30. Qe3 R4g6 31. Qe2 Qg7 32. Qe3 Rh6 33. b4 Qg4 34. h4
Rh5 35. bxa5 bxa5 36. Rab1 Kg7 37. Qf2 Kf6 38. Rb6 Rg6 39. d5 Rgh6 0-1

[Event "PRO League Eastern 2017"]
[Site "chess.com INT"]
[Date "2017.01.25"]
[Round "3"]
[White "Gorozhanin, Mikhail"]
[Black "Klimakovs, Sergejs"]
[Result "1-0"]
[WhiteTitle "FM"]
[WhiteElo "2408"]
[BlackElo "2300"]
[WhiteTeam "Gorky Stormbringers"]
[BlackTeam "Riga Magicians"]
[WhiteFideId "4178262"]
[BlackFideId "11602066"]
[EventDate "2017.01.11"]

1. d4 Nf6 2. Bf4 c5 3. e3 d5 4. c3 Nc6 5. Nd2 e6 6. Ngf3 Bd6 7. Bg3 Qe7 8. Ne5
Nd7 9. f4 O-O 10. Bd3 f6 11. Nxc6 bxc6 12. O-O a5 13. Qe2 Rb8 14. Rab1 a4 15. e4
cxd4 16. cxd4 c5 17. Kh1 Bb7 18. e5 fxe5 19. fxe5 Bc7 20. Nf3 c4 21. Bc2 a3 22.
Bh4 Qe8 23. Ng5 h6 24. Nh3 axb2 25. Nf4 Rxf4 26. Rxf4 Bc6 27. Rg4 Bd8 28. Be1
Bg5 29. h4 Bc1 30. Bd2 Nf8 31. Bxc1 bxc1=Q+ 32. Rxc1 Ba4 33. Bb1 Qb5 34. Qe3 h5
35. Rg3 Qb2 36. Qg5 Rb7 37. Rf1 Bc2 38. Bxc2 Qxc2 39. Qf6 1-0

[Event "PRO League Eastern 2017"]
[Site "chess.com INT"]
[Date "2017.01.25"]
[Round "3"]
[White "Nihal, Sarin"]
[Black "Dhulipalla, Bala Chandra Prasad"]
[Result "0-1"]
[WhiteTitle "FM"]
[WhiteElo "2340"]
[BlackElo "2353"]
[WhiteTeam "Delhi Dynamite"]
[BlackTeam "Amaravati Yodhas"]
[WhiteFideId "25092340"]
[BlackFideId "25005812"]
[EventDate "2017.01.11"]

1. d4 d5 2. c4 Nc6 3. Nc3 dxc4 4. d5 Ne5 5. e4 e6 6. Bf4 Bd6 7. Nf3 Nxf3+ 8.
Qxf3 Qf6 9. Bxd6 Qxf3 10. gxf3 cxd6 11. Nb5 Ke7 12. dxe6 Bxe6 13. O-O-O Nf6 14.
Nxd6 Rhd8 15. e5 Ne8 16. Nxe8 Rxd1+ 17. Kxd1 Rxe8 18. Kd2 Rd8+ 19. Kc3 Rd1 20.
Kc2 Re1 21. Kd2 Rxe5 22. Be2 b5 23. Rc1 Rh5 24. a4 a6 25. axb5 axb5 26. Rh1 b4
27. h4 g5 28. Rg1 gxh4 29. f4 Ra5 30. Ke3 Ra2 31. f5 Bxf5 32. Bxc4 Rxb2 33. Ra1
Rc2 34. Ra7+ Kf6 35. Rxf7+ Kg6 36. Rc7 b3 37. Bf7+ Kf6 38. Rb7 b2 39. Ba2 h3 40.
Rb6+ Kg7 41. Rb7+ Kh6 42. Rb6+ Bg6 43. Kf3 Rc3+ 44. Kf4 h2 45. Bd5 b1=Q 46. Rxb1
Bxb1 0-1

[Event "PRO League Eastern 2017"]
[Site "chess.com INT"]
[Date "2017.01.25"]
[Round "3"]
[White "Nishant, Malhotra"]
[Black "Sai, Krishna G V"]
[Result "0-1"]
[BlackTitle "FM"]
[WhiteElo "2186"]
[BlackElo "2339"]
[WhiteTeam "Delhi Dynamite"]
[BlackTeam "Amaravati Yodhas"]
[WhiteFideId "5099129"]
[BlackFideId "5028280"]
[EventDate "2017.01.11"]

1. d4 Nf6 2. c4 g6 3. Nc3 Bg7 4. e4 d6 5. f3 O-O 6. Be3 Nc6 7. Nge2 a6 8. Qd2
Rb8 9. Rc1 Bd7 10. Nd1 b5 11. c5 e6 12. g3 Ne8 13. Bg2 f5 14. O-O Nf6 15. Nf2 e5
16. cxd6 cxd6 17. dxe5 dxe5 18. Rfd1 Qa5 19. b4 Qxb4 20. Qxb4 Nxb4 21. Bc5 Nxa2
22. Ra1 Be6 23. Rd6 Bc4 24. Rxa6 Ra8 25. Bxf8 Rxa6 26. Bxg7 Kxg7 27. Nc3 fxe4
28. Bf1 e3 29. Bxc4 exf2+ 30. Kxf2 bxc4 31. Rxa2 Rxa2+ 32. Nxa2 Nd5 33. Ke2 Kf6
34. Kd2 Kf5 35. Nc1 e4 36. Ke2 Ke5 37. Kf2 Kd4 38. Ke2 Nc3+ 39. Kf2 Nd5 40. fxe4
Kxe4 41. Ke2 Nc3+ 42. Kd2 Nb5 43. Ne2 Kf3 44. Nf4 Nd6 45. Nd5 Kg2 46. Nf6 h5 47.
g4 h4 0-1

[Event "PRO League Eastern 2017"]
[Site "chess.com INT"]
[Date "2017.01.25"]
[Round "3"]
[White "Mihok, Oliver"]
[Black "Agdestein, Simen"]
[Result "0-1"]
[WhiteTitle "GM"]
[BlackTitle "GM"]
[WhiteElo "2505"]
[BlackElo "2602"]
[WhiteTeam "Budapest Gambit"]
[BlackTeam "Norway Gnomes"]
[WhiteFideId "728012"]
[BlackFideId "1500015"]
[EventDate "2017.01.11"]

1. e4 c5 2. Nf3 Nc6 3. Nc3 e5 4. Bc4 d6 5. d3 Be7 6. Nd2 Bg5 7. h4 Bxd2+ 8. Bxd2
Nf6 9. O-O O-O 10. f4 Ng4 11. Qe1 exf4 12. Bxf4 Kh8 13. Qg3 Nce5 14. Bd5 Rb8 15.
Kh1 b5 16. Bg5 f6 17. Bd2 b4 18. Ne2 a5 19. Nf4 Qe8 20. b3 Nc6 21. Ne2 Nge5 22.
a3 Be6 23. Bxe6 Qxe6 24. axb4 axb4 25. Ra6 Ra8 26. Rfa1 Rxa6 27. Rxa6 Qc8 28.
Ra1 Qb7 29. Bf4 Ra8 30. Qe1 Kg8 31. Qc1 Ra6 32. Rxa6 Qxa6 33. Qb1 Kf7 34. Be3
Ng4 35. Bg1 Nce5 36. Nf4 Ng6 37. Nxg6 hxg6 38. Qd1 Ne5 39. Bh2 Qc8 40. Bxe5 dxe5
41. g3 Qh3+ 42. Kg1 Qxg3+ 43. Kf1 Qxh4 44. Kg2 Qg5+ 45. Kf2 Qf4+ 46. Kg2 Qe3 47.
Qg4 Qd2+ 48. Kh3 Qxc2 49. Qd7+ Kg8 50. Kg3 Qc1 51. Qe6+ Kh7 52. Qh3+ Qh6 53. Qd7
Qe3+ 54. Kg2 Kh6 55. Qd8 Kg5 56. Qd7 Qe2+ 57. Kg3 Qe1+ 58. Kg2 Qd2+ 59. Kf1 Qd1+
60. Kf2 Qxb3 61. Qh3 Qc2+ 62. Ke3 Qc1+ 63. Ke2 Qf4 64. Qh1 b3 0-1

[Event "PRO League Eastern 2017"]
[Site "chess.com INT"]
[Date "2017.01.25"]
[Round "3"]
[White "Mihok, Oliver"]
[Black "Nilsen, Joachim Birger"]
[Result "1/2-1/2"]
[WhiteTitle "GM"]
[BlackTitle "FM"]
[WhiteElo "2505"]
[BlackElo "2433"]
[WhiteTeam "Budapest Gambit"]
[BlackTeam "Norway Gnomes"]
[WhiteFideId "728012"]
[BlackFideId "1506331"]
[EventDate "2017.01.11"]

1. e4 e5 2. Nf3 Nc6 3. Bb5 Nf6 4. O-O Nxe4 5. d4 Nd6 6. Ba4 exd4 7. c3 Be7 8.
cxd4 O-O 9. Nc3 Bf6 10. Nd5 Ne8 11. Bc2 Ne7 12. Nxf6+ Nxf6 13. Bg5 Ned5 14. Bb3
h6 15. Bh4 Nf4 16. Rc1 d5 17. Qd2 Qd6 18. Ne5 Ne6 19. Rfe1 Ne4 20. Qd1 c6 21. f3
Nf6 22. Qd2 Nh5 23. Bc2 Nef4 24. Bb1 Be6 25. Qc2 g6 26. Qd2 g5 27. Qc2 f5 28.
Bf2 Rae8 29. Be3 Bc8 30. g3 Ng6 31. Qc3 Nxe5 32. dxe5 Qxe5 33. Bd4 Qc7 34. Bc5
Nxg3 35. hxg3 Qxg3+ 36. Kh1 Qh3+ 37. Kg1 Qg3+ 38. Kh1 Qh3+ 39. Kg1 1/2-1/2

[Event "PRO League Eastern 2017"]
[Site "chess.com INT"]
[Date "2017.01.25"]
[Round "3"]
[White "Samolins, Vitalijs"]
[Black "Derbenev, Andrey"]
[Result "1/2-1/2"]
[WhiteTitle "IM"]
[BlackTitle "IM"]
[WhiteElo "2402"]
[BlackElo "2376"]
[WhiteTeam "Riga Magicians"]
[BlackTeam "Gorky Stormbringers"]
[WhiteFideId "11602112"]
[BlackFideId "4154169"]
[EventDate "2017.01.11"]

1. e4 e6 2. d4 d5 3. exd5 exd5 4. Nf3 Bd6 5. Bd3 Ne7 6. O-O O-O 7. h3 Bf5 8. Bg5
f6 9. Bh4 Qd7 10. Bg3 Bxg3 11. fxg3 Nbc6 12. g4 Bxd3 13. Qxd3 Rae8 14. Nbd2 Nc8
15. Nh4 Nd6 16. Nf5 Ne7 17. Nxd6 Qxd6 18. Rae1 Ng6 19. Nf3 c6 20. c3 Nf4 21. Qd2
Ng6 22. Re3 Re7 23. Rxe7 Qxe7 24. Re1 Qd6 25. Re3 Rf7 26. Re8+ Rf8 27. Qe3 Kf7
28. Rxf8+ Kxf8 29. Kf2 Kf7 30. g3 Qc7 31. g5 Qe7 32. gxf6 Qxf6 33. h4 Qf5 34.
Kg2 h6 35. Qe2 Kf8 36. Ne1 Kf7 37. Nd3 Nf8 38. Nc5 b6 39. Nd3 Nd7 40. Nb4 Qf6
41. Qa6 Qe6 42. Qf1+ Ke7 43. Nd3 Qe4+ 44. Qf3 Qxf3+ 45. Kxf3 Kd6 46. Kf4 Ke6 47.
g4 g6 48. g5 h5 49. a4 Kd6 50. b3 Ke6 51. Nb4 Kd6 52. Nd3 Ke6 53. Nb4 Kd6 54.
Nd3 Ke6 55. Nb4 Kd6 1/2-1/2

[Event "PRO League Eastern 2017"]
[Site "chess.com INT"]
[Date "2017.01.25"]
[Round "3"]
[White "Samolins, Vitalijs"]
[Black "Gorozhanin, Mikhail"]
[Result "1-0"]
[WhiteTitle "IM"]
[BlackTitle "FM"]
[WhiteElo "2402"]
[BlackElo "2408"]
[WhiteTeam "Riga Magicians"]
[BlackTeam "Gorky Stormbringers"]
[WhiteFideId "11602112"]
[BlackFideId "4178262"]
[EventDate "2017.01.11"]

1. e4 e6 2. d4 d5 3. exd5 exd5 4. Nf3 Bd6 5. Bd3 Nc6 6. h3 Nge7 7. O-O O-O 8.
Re1 Bf5 9. Nc3 Qd7 10. Nb5 Bxd3 11. cxd3 a6 12. Nc3 Qf5 13. a3 Rae8 14. Be3 b5
15. Nh4 Qd7 16. Qf3 h6 17. Kh1 g5 18. Qf6 Kh7 19. Nf3 Qf5 20. Qxf5+ Nxf5 21.
Nxd5 Kg6 22. Rac1 Nce7 23. Nxc7 Rc8 24. Nxa6 f6 25. Nc5 Nd5 26. Bd2 Rfe8 27.
Rxe8 Rxe8 28. Ne4 Be7 29. Rc6 Kf7 30. g4 Ng7 31. Nc3 Rd8 32. Nxb5 Ne6 33. a4
Nef4 34. Bxf4 Nxf4 35. a5 Nxd3 36. Kg2 Nb4 37. Rc4 Nd5 38. Ra4 Ra8 39. a6 Nb4
40. a7 Nd5 41. Nd2 Bd8 42. Nc4 Ke6 43. Ra6+ Kd7 44. Rd6+ Kc8 45. Rxd5 Be7 46.
Nb6+ Kb7 47. Nxa8 Kxa8 48. Rd7 f5 49. Rxe7 fxg4 50. Re8+ Kb7 51. a8=Q+ Kb6 52.
Rb8# 1-0

[Event "PRO League Eastern 2017"]
[Site "chess.com INT"]
[Date "2017.01.25"]
[Round "3"]
[White "Sunilduth Lyna, Narayanan"]
[Black "Lenic, Luka"]
[Result "0-1"]
[WhiteTitle "GM"]
[BlackTitle "GM"]
[WhiteElo "2541"]
[BlackElo "2641"]
[WhiteTeam "Odisha Express"]
[BlackTeam "Ljubljana Direwolves"]
[WhiteFideId "5058422"]
[BlackFideId "14603853"]
[EventDate "2017.01.11"]

1. e4 e5 2. Nf3 Nc6 3. Bc4 Bc5 4. O-O Nf6 5. d3 d6 6. c3 a6 7. Bb3 h6 8. Nbd2
O-O 9. h3 Re8 10. Re1 Be6 11. Bc2 d5 12. exd5 Bxd5 13. b4 Ba7 14. a4 b5 15. Ne4
Nxe4 16. dxe4 Bc4 17. Be3 Bxe3 18. Rxe3 Qxd1+ 19. Rxd1 Rad8 20. Ra1 Rd6 21. axb5
axb5 22. Ree1 Red8 23. h4 g6 24. Red1 Be2 25. Rxd6 Rxd6 26. Ra8+ Kg7 27. Rc8 Rd7
28. Bb3 Bxf3 29. gxf3 Ne7 30. Re8 g5 31. h5 c6 32. Kg2 Ra7 33. Kf1 Ra3 34. Bd1
Ng8 35. c4 bxc4 36. Rxe5 Rb3 37. Rc5 Rxb4 38. e5 Ne7 39. Be2 Rb1+ 40. Kg2 Rb5
41. Rxc4 Rxe5 42. Bd3 Nd5 43. Be4 Nf4+ 44. Kg3 Nxh5+ 45. Kh2 c5 46. Kg2 Nf4+ 47.
Kg3 h5 48. Ra4 f5 49. Ra7+ Kf6 50. Bc2 h4+ 0-1

[Event "PRO League Eastern 2017"]
[Site "chess.com INT"]
[Date "2017.01.25"]
[Round "3"]
[White "Sunilduth Lyna, Narayanan"]
[Black "Sebenik, Matej"]
[Result "1/2-1/2"]
[WhiteTitle "GM"]
[BlackTitle "GM"]
[WhiteElo "2541"]
[BlackElo "2534"]
[WhiteTeam "Odisha Express"]
[BlackTeam "Ljubljana Direwolves"]
[WhiteFideId "5058422"]
[BlackFideId "14602296"]
[EventDate "2017.01.11"]

1. d4 Nf6 2. c4 g6 3. g3 Bg7 4. Bg2 O-O 5. Nc3 d6 6. Nf3 Nbd7 7. O-O e5 8. e4 c6
9. h3 Qa5 10. Re1 exd4 11. Nxd4 Ne5 12. Bf1 Re8 13. Kg2 a6 14. Nb3 Qc7 15. f4
Ned7 16. a4 b6 17. g4 h6 18. Kg1 Bb7 19. Bg2 Rad8 20. Be3 Nh7 21. Qd2 Nc5 22.
Nxc5 dxc5 23. Qf2 Bd4 24. a5 b5 25. e5 g5 26. Bxd4 Rxd4 27. Ne4 gxf4 28. Qxf4
Kg7 29. Nf6 Re6 30. Nh5+ Kg8 31. Qf5 Bc8 32. Qf2 Qd8 33. cxb5 cxb5 34. Nf4 Re7
35. Rac1 c4 36. b3 Be6 37. bxc4 Bxc4 38. Qe3 Rd2 39. h4 Qd4 40. Qxd4 Rxd4 41.
Re4 Rxe4 42. Bxe4 Rxe5 43. Bb7 Nf6 44. Bxa6 Re4 45. Ng2 Rxg4 46. Bb7 Bd5 47.
Bxd5 Nxd5 48. Kf2 Ra4 49. Rc5 Ne7 50. Rxb5 Nc6 51. Rb6 Nxa5 52. Rxh6 Kg7 53. Ra6
Ra3 54. Ne3 Nc4 55. Nf5+ Kh7 56. Rh6+ Kg8 57. Rc6 Rf3+ 58. Kxf3 Ne5+ 59. Kf4
Nxc6 60. h5 Nd8 61. Ke5 Ne6 62. Kf6 Kh7 63. Kxf7 Nf4 64. h6 Nh3 65. Kf6 Nf2 66.
Kg5 Ne4+ 67. Kf4 Nf6 68. Kg5 Ng8 69. Ne7 Nxe7 70. Kf6 Ng8+ 71. Ke6 Nxh6 1/2-1/2

[Event "PRO League Eastern 2017"]
[Site "chess.com INT"]
[Date "2017.01.25"]
[Round "3"]
[White "Sebenik, Matej"]
[Black "Swayams, Mishra"]
[Result "0-1"]
[WhiteTitle "GM"]
[BlackTitle "IM"]
[WhiteElo "2534"]
[BlackElo "2491"]
[WhiteTeam "Ljubljana Direwolves"]
[BlackTeam "Odisha Express"]
[WhiteFideId "14602296"]
[BlackFideId "5028183"]
[EventDate "2017.01.11"]

1. Nf3 Nf6 2. c4 e6 3. g3 d5 4. d4 Bb4+ 5. Bd2 Bd6 6. Nc3 c6 7. Qc2 Nbd7 8. e4
dxe4 9. Nxe4 Nxe4 10. Qxe4 Nf6 11. Qc2 O-O 12. Bg2 b6 13. O-O Bb7 14. c5 Bc7 15.
Rfe1 Nd5 16. Ng5 Nf6 17. Rad1 h6 18. Nf3 Nd5 19. Ne5 Bxe5 20. Rxe5 Qf6 21. Bc1
Rfd8 22. a3 Rd7 23. b4 Rad8 24. f4 Ne7 25. Bb2 Ba6 26. Qa4 Bc4 27. Bxc6 Nxc6 28.
Qxc6 Bd5 29. Qb5 Qg6 30. Qe2 bxc5 31. dxc5 Bb3 32. Rxd7 Rxd7 33. c6 Qb1+ 34. Kf2
Rc7 35. b5 Qh1 36. Qf1 Qxh2+ 37. Qg2 Qxg2+ 38. Kxg2 a6 39. Rc5 axb5 40. Kf2 Bd5
41. Rxb5 Rxc6 42. f5 exf5 43. Ke3 Be6 44. a4 Rc4 45. a5 Re4+ 46. Kd2 Ra4 47. Bc3
g5 48. Rb4 Ra2+ 49. Rb2 Ra3 50. Rb6 Kh7 51. Kc2 Ra2+ 52. Kb1 Ra3 53. Kb2 Ra2+
54. Kb1 Ra4 55. Kb2 h5 56. Bd2 Kg6 57. a6 Ra2+ 58. Kb1 Ra4 59. Be3 h4 60. gxh4
gxh4 61. a7 Rxa7 62. Rxe6+ fxe6 63. Bxa7 h3 64. Bg1 Kg5 65. Kc1 Kf4 66. Kd1 Kg3
67. Ke2 h2 0-1

[Event "PRO League Eastern 2017"]
[Site "chess.com INT"]
[Date "2017.01.25"]
[Round "3"]
[White "Sebenik, Matej"]
[Black "Satyapragyan, Swayangsu"]
[Result "1/2-1/2"]
[WhiteTitle "GM"]
[BlackTitle "IM"]
[WhiteElo "2534"]
[BlackElo "2462"]
[WhiteTeam "Ljubljana Direwolves"]
[BlackTeam "Odisha Express"]
[WhiteFideId "14602296"]
[BlackFideId "5004306"]
[EventDate "2017.01.11"]

1. Nf3 Nf6 2. c4 e6 3. g3 d5 4. d4 Bb4+ 5. Bd2 Bd6 6. Nc3 c6 7. Qc2 Nbd7 8. e4
dxe4 9. Nxe4 Nxe4 10. Qxe4 Nf6 11. Qc2 O-O 12. c5 Bc7 13. Bg2 b6 14. O-O Nd5 15.
Ng5 g6 16. Rfe1 bxc5 17. Qxc5 Rb8 18. b3 Bb6 19. Qc4 Qf6 20. Nf3 Bb7 21. Bh6
Rfc8 22. b4 Qe7 23. a3 a5 24. Bg5 Qd6 25. Bd2 axb4 26. axb4 Ra8 27. h4 Rxa1 28.
Rxa1 Nc7 29. Bf4 Qd5 30. Qd3 Nb5 31. Be5 Qd8 32. Qe3 f6 33. Bf4 e5 34. Qb3+ Qd5
35. Qxd5+ cxd5 36. dxe5 fxe5 37. Nxe5 Rc2 38. Nd3 Nc3 39. Bf1 Ne4 40. Rc1 Rxc1
41. Bxc1 Nxg3 42. Nc5 Nxf1 43. Kxf1 Bxc5 44. bxc5 1/2-1/2

[Event "PRO League Eastern 2017"]
[Site "chess.com INT"]
[Date "2017.01.25"]
[Round "3"]
[White "Grover, Sahaj"]
[Black "Kotepalli, Sai Nirupama"]
[Result "0-1"]
[WhiteTitle "GM"]
[BlackTitle "WFM"]
[WhiteElo "2467"]
[BlackElo "1978"]
[WhiteTeam "Delhi Dynamite"]
[BlackTeam "Amaravati Yodhas"]
[WhiteFideId "5021103"]
[BlackFideId "5039444"]
[EventDate "2017.01.11"]

1. d4 Nc6 2. e4 e5 3. Nf3 exd4 4. Nxd4 Nf6 5. Nc3 Bb4 6. Nxc6 dxc6 7. Qxd8+ Kxd8
8. Bd2 Bxc3 9. Bxc3 Nxe4 10. Bxg7 Rg8 11. Bd4 Ke7 12. O-O-O Be6 13. Bd3 Nd6 14.
g3 h5 15. Rhe1 b6 16. f4 Kd7 17. Bf6 Rge8 18. Re5 Bg4 19. Rde1 Rxe5 20. Kb1
Rxe1# 0-1

[Event "PRO League Eastern 2017"]
[Site "chess.com INT"]
[Date "2017.01.25"]
[Round "3"]
[White "Grover, Sahaj"]
[Black "Dhulipalla, Bala Chandra Prasad"]
[Result "1/2-1/2"]
[WhiteTitle "GM"]
[WhiteElo "2467"]
[BlackElo "2353"]
[WhiteTeam "Delhi Dynamite"]
[BlackTeam "Amaravati Yodhas"]
[WhiteFideId "5021103"]
[BlackFideId "25005812"]
[EventDate "2017.01.11"]

1. e4 Nc6 2. Nf3 d6 3. d4 Nf6 4. Nc3 Bg4 5. Be3 e5 6. d5 Ne7 7. h3 Bd7 8. g4 h6
9. Qd2 Ng6 10. O-O-O Be7 11. Rg1 Nh7 12. Kb1 Ng5 13. Ne1 Nh4 14. Qe2 O-O 15. f4
exf4 16. Bxf4 Bf6 17. e5 dxe5 18. Bg3 Ng6 19. h4 Nh7 20. g5 hxg5 21. hxg5 Bxg5
22. Nf3 Bg4 23. Qg2 Bh6 24. Be2 Re8 25. Rdf1 e4 26. Nd4 Be3 27. Bf2 Bxe2 28.
Ndxe2 Bh6 29. Bd4 Ng5 30. Rh1 Nf3 31. Nxe4 Rxe4 32. Qxf3 Qxd5 33. Bc3 Rae8 34.
Rxh6 gxh6 35. Qf6 R4e5 36. Bxe5 Rxe5 37. Nd4 Ne7 38. b3 c5 39. Nf3 Re6 40. Qf4
Qe4 41. Qb8+ Kh7 42. Nd2 Qd4 43. Qf8 Qg7 44. Qd8 Ng6 45. Qd7 Re7 46. Qf5 b6 47.
Ne4 Qe5 48. Nf6+ Kg7 49. Nh5+ Kh7 50. Nf6+ Kg7 51. Nh5+ Kh7 52. Nf6+ Kg7 1/2-1/2

[Event "PRO League Eastern 2017"]
[Site "chess.com INT"]
[Date "2017.01.25"]
[Round "3"]
[White "Sai, Krishna G V"]
[Black "Nihal, Sarin"]
[Result "0-1"]
[WhiteTitle "FM"]
[BlackTitle "FM"]
[WhiteElo "2339"]
[BlackElo "2340"]
[WhiteTeam "Amaravati Yodhas"]
[BlackTeam "Delhi Dynamite"]
[WhiteFideId "5028280"]
[BlackFideId "25092340"]
[EventDate "2017.01.11"]

1. e4 e6 2. d4 d5 3. Nc3 Bb4 4. Ne2 dxe4 5. a3 Be7 6. Nxe4 Nf6 7. Qd3 Nbd7 8.
Ng5 h6 9. Nf3 c5 10. Be3 O-O 11. O-O-O cxd4 12. Bxd4 Qc7 13. Qc3 Qb8 14. Ng3 b5
15. Bd3 Bb7 16. Ne5 Nd5 17. Qe1 N7f6 18. Ne4 Rc8 19. Nxf6+ Bxf6 20. Nd7 Qf4+ 21.
Be3 Bxb2+ 22. Kxb2 Qd6 23. Nc5 Qe5+ 24. Kb1 Nc3+ 25. Kc1 Rxc5 26. Bd2 Nxd1 27.
Qxe5 Rxe5 28. Rxd1 a6 29. Kb2 Rd5 30. Re1 Rd7 31. Re3 Rc8 32. Rg3 Kh8 33. h4 e5
34. Bc3 Re7 35. Bf5 Rd8 36. h5 f6 37. Re3 Bc8 38. Bg6 Be6 39. Bb4 Red7 40. f4
Bf7 41. fxe5 fxe5 42. Rxe5 Rd5 43. Re7 Bxg6 44. hxg6 Rg5 45. Re6 Rxg2 46. Rxa6
Rc8 47. Bc3 h5 48. Rb6 h4 49. Rxb5 Rxg6 50. Rh5+ Kg8 51. Rxh4 Rgc6 52. Rh3 Rc4
53. Kb3 g5 54. Rg3 g4 55. a4 Rxc3+ 56. Rxc3 Rxc3+ 57. Kxc3 g3 58. a5 g2 59. a6
g1=Q 60. Kb4 Qb6+ 61. Kc3 Qxa6 0-1

[Event "PRO League Eastern 2017"]
[Site "chess.com INT"]
[Date "2017.01.25"]
[Round "3"]
[White "Sai, Krishna G V"]
[Black "Grover, Sahaj"]
[Result "0-1"]
[WhiteTitle "FM"]
[BlackTitle "GM"]
[WhiteElo "2339"]
[BlackElo "2467"]
[WhiteTeam "Amaravati Yodhas"]
[BlackTeam "Delhi Dynamite"]
[WhiteFideId "5028280"]
[BlackFideId "5021103"]
[EventDate "2017.01.11"]

1. Nc3 e5 2. e4 Nf6 3. f4 d5 4. fxe5 Nxe4 5. Nf3 Nc6 6. Bd3 Nc5 7. Bb5 a6 8.
Bxc6+ bxc6 9. d4 Ne6 10. O-O c5 11. Be3 cxd4 12. Nxd4 Bc5 13. Qf3 O-O 14. Nc6
Bxe3+ 15. Qxe3 Qd7 16. Nxd5 Bb7 17. Rad1 Bxc6 18. Nf6+ gxf6 19. Rxd7 Bxd7 20.
exf6 Kh8 21. Qe4 Rad8 22. Rf5 Rg8 23. Rh5 Ng5 24. Qe3 Rde8 25. Qc5 Re1+ 26. Kf2
Ne4+ 27. Kxe1 Nxc5 28. Rxc5 c6 29. Ra5 Rxg2 30. Rxa6 h6 31. Kd1 Rxh2 32. a4 h5
33. Ra7 Be6 34. a5 h4 35. a6 h3 36. Rc7 Rh1+ 37. Kd2 h2 38. Rxc6 Rd1+ 39. Kc3
h1=Q 0-1

[Event "PRO League Eastern 2017"]
[Site "chess.com INT"]
[Date "2017.01.25"]
[Round "3"]
[White "Kotepalli, Sai Nirupama"]
[Black "Tania, Sachdev"]
[Result "0-1"]
[WhiteTitle "WFM"]
[BlackTitle "IM"]
[WhiteElo "1978"]
[BlackElo "2429"]
[WhiteTeam "Amaravati Yodhas"]
[BlackTeam "Delhi Dynamite"]
[WhiteFideId "5039444"]
[BlackFideId "5007844"]
[EventDate "2017.01.11"]

1. e4 e5 2. d3 Nf6 3. Nf3 Nc6 4. g3 Bc5 5. Bg2 O-O 6. O-O d6 7. c3 a6 8. Qe2 h6
9. Nbd2 Be6 10. h3 Qd7 11. Kh2 Rfe8 12. Re1 Ba7 13. Nc4 b5 14. Ne3 d5 15. exd5
Nxd5 16. c4 Ndb4 17. Rd1 Rad8 18. Ne1 Nd4 19. Qh5 Nbc6 20. Nd5 Ne7 21. Bxh6 Bxd5
22. Bxg7 Kxg7 23. cxd5 Ng6 24. Qg5 Qf5 25. Qd2 Rh8 26. Rac1 Bb6 27. b4 Ne7 28.
Kg1 Nxd5 29. Rb1 Nc3 0-1